000 00787nam a2200265Ia 4500
003 OSt
005 20220925230813.0
006 a|||||r|||| 00| 0
007 ta
008 220923b |||||||| |||| 00| 0 eng d
020 _a9781452241494
_c4101.5200000000004
037 _bBBS/25, 02/09/2014, Better Book Service
_cGeneral Book
040 _aRTL
_cRTL
_beng
041 _2eng
_aeng
082 _aY9(W).46, Q1;Q4
100 _aLUST Ellen
_9294379
245 0 _aMiddle East
250 _a13th
260 _aLos
_bAngeles Sage
_c2014
300 _axxxvii, 1032p
_ccm.
500 _aBibliography chapterwsie
650 _aGeography
942 _hY9(W).46, Q1;Q4
_cGB
_2CC
999 _c586651
_d586651